Varanasi aur bhartiy rashtriy kangresa 1947-74 (Record no. 874)

MARC details
000 -LEADER
fixed length control field 00563nam a2200169Ia 4500
020 ## - INTERNATIONAL STANDARD BOOK NUMBER
ISBN 81-85119-32-5
082 ## - DEWEY DECIMAL CLASSIFICATION NUMBER
Classification number 324.254083 RAG-V
100 ## - MAIN ENTRY--AUTHOR NAME
Personal name Shing, Raghavendra Prata;
245 #0 - TITLE STATEMENT
Title Varanasi aur bhartiy rashtriy kangresa 1947-74
260 ## - PUBLICATION, DISTRIBUTION, ETC. (IMPRINT)
Place of publication New Delhi
Name of publisher Northern Book Center
Year of publication 1987
300 ## - PHYSICAL DESCRIPTION
Number of Pages xiv, 432p.
504 ## - BIBLIOGRAPHY, ETC. NOTE
Bibliography, etc Includes index
650 ## - SUBJECT ADDED ENTRY--TOPICAL TERM
Topical Term Political Parties - History - Varanasi (India)
650 ## - SUBJECT ADDED ENTRY--TOPICAL TERM
Topical Term Varanasi (India) - Politics and Government
650 ## - SUBJECT ADDED ENTRY--TOPICAL TERM
Topical Term Indian National Congress - India - 1947-1974 - Indian National Congres
942 ## - ADDED ENTRY ELEMENTS (KOHA)
Koha item type Books
Holdings
Withdrawn status Lost status Damaged status Not for loan Collection code Home library Current library Date acquired Bill Date Full call number Accession Number Price effective from Koha item type Public note
        हिंदी पुस्तकों पर विशेष संग्रह NASSDOC Library NASSDOC Library 08/10/2004 2004-10-22 324.254083 RAG-V SL1 26695 18/04/2019 Books हिंदी पुस्तकों पर विशेष संग्रह